| 000 | 00564nam a2200205 a 4500 | ||
|---|---|---|---|
| 001 | 21928 | ||
| 003 | CO-ViMGA | ||
| 008 | 141112s2004 ck r 000 u spa d | ||
| 020 | _a968494134X | ||
| 040 |
_aCO-ViMGA _bspa _cCO-ViMGA |
||
| 082 | 0 | 4 | _aPAZr |
| 100 | 1 | _aPaz, Octavio | |
| 245 | 1 | 0 | _aLa rama |
| 260 |
_aMexico : _bCidcli, _c2002 |
||
| 300 | _a24 | ||
| 490 | _aLibros del rincón | ||
| 590 | _aForma de adquisición : Donación - - Precio : 20000 - - Fecha de adquisición : Julio 2007 | ||
| 650 | 1 | 4 |
_aPOESIA INFANTIL MEXICANA _931360 |
| 942 |
_2ddc _cBK |
||
| 999 |
_c30468 _d30468 |
||